Štúdia k výpočtom únosnosti pilót VÚIS

Bibliographic Details
Main Author: Peter, Pavel, 1918-1997 (Author)
Format: Article
Language:Slovak
PhysicalDescription:Tb. 5. Sch. 2. Grafy 7., lit. 15 zázn. v slov., češ., ruš., angl., nem., franc.
Subjects:

MARC

LEADER 00000nab a2200000 a 4500
001 vtls000398759
003 SK-MaSNL
005 20260303204509.0
008 230120c1990 xo 0 slo
015 |a SNBRB19rr/mm-uuuuu 
035 |a CL0398883 
035 |a urn:nbn:sk:snk-ab2l5m 
035 |a (urnnbn)urn:nbn:sk:snk:ar-a02l9h 
035 |a (uuid)0f728b6f-5196-4c77-a472-1c2dc4705406 
040 |a SNKBUCL  |b slo  |c SNKBUCL  |e AACR2 
041 0 |a slo 
044 |a xo  |c SK 
080 |a 624.154.3  |2 1981 
080 |a 624.046  |2 1981 
100 1 |a Peter, Pavel,  |d 1918-1997  |4 aut  |9 198968 
245 1 0 |a Štúdia k výpočtom únosnosti pilót VÚIS  |c Pavol Peter 
300 |b Tb. 5. Sch. 2. Grafy 7., lit. 15 zázn. v slov., češ., ruš., angl., nem., franc. 
650 0 7 |a pilóty  |2 snkbucl  |9 109354 
650 0 7 |a únosnosť pilót  |2 snkbucl  |9 1238295 
650 0 7 |a sadanie pilót  |2 snkbucl  |9 1238304 
655 7 |a články z novín a časopisov  |2 snkbucl  |9 267496 
773 0 |t Inženýrské stavby  |g Roč. 38, č. 6 (1990), s. 333-339 
850 |a Slovenská národná knižnica v Martine  |a MTA001 
852 |a SNK  |b KIS3GCP 
954 |a odborná, vedecká literatúra pôvodná (slovenská)  |2 lita 
958 |a NB 
958 |a RK 
958 |a OND 
958 |a EUIPO 
958 |a article2022 
992 |a RBX 
999 |c 2190261  |d 2192191